Por qué Virgilio?

Saved in:
Bibliografiske detaljer
Hovedforfatter: Hallet Collard, Carlos (autor)
Format: Bog
Sprog:spansk
Udgivet: Antofagasta Universitarias 2005
Udgivelse:1a. ed
Fag:
Tags: Tilføj Tag
Ingen Tags, Vær først til at tagge denne postø!

MARC

LEADER 00000nam a2200000 a 4500
001 UCJ1933
003 CL-VaPUC
008 061124e20050000CL |||||||||||||||||spa|d
020 |a 9562872211 
082 0 4 |a 871.09  |b HAL  |2 21 
100 |a Hallet Collard, Carlos  |e autor  |9 814651 
245 1 0 |a Por qué Virgilio? 
250 |a 1a. ed 
300 |a 68 p 
942 |c BK 
945 |d 20061124 00:00:00  |a cmena 
260 |a Antofagasta  |b Universitarias  |c 2005 
600 0 7 |a VIRGILIO MARON, PUBLIO  |2 CL-VaPUC  |9 266333 
650 7 |a POESIAS LATINAS  |2 CL-VaPUC  |9 502750 
650 0 |a Literatura latina   |9 258055 
650 0 |a Crítica e interpretación literaria  |9 266284 
583 |a last modification  |c 20061124 00:00:00  |k Rodrigo Vera 
999 |c 318365  |d 318363 
952 |0 0  |1 0  |4 0  |6 871_090000000000000_HAL_2005  |7 0  |8 A  |9 396130  |a BIBTEO  |b BIBTEO  |d 2019-11-22  |i 4239504  |o 871.09 HAL 2005  |p 4239504  |r 2025-01-17  |w 2019-11-22  |y BK  |k ICR 
952 |0 0  |1 0  |4 0  |6 871_090000000000000_HAL_2005  |7 0  |8 A  |9 396131  |a BIBTEO  |b BIBTEO  |d 2019-11-22  |i 4239512  |o 871.09 HAL 2005  |p 4239512  |r 2025-01-17  |w 2019-11-22  |y BK  |k ICR